Normal view
MARC view
Entry Topical Term
001 - CONTROL NUMBER
- control field: 23980
003 - CONTROL NUMBER IDENTIFIER
- control field: ARRUPE
005 - DATE AND TIME OF LATEST TRANSACTION
- control field: 20160420152612.0
008 - FIXED-LENGTH DATA ELEMENTS
- fixed length control field: 160420|| aca||aabn | a|a d
040 ## - CATALOGING SOURCE
- Original cataloging agency: ARRUPE
- Transcribing agency: ARRUPE
150 ## - HEADING--TOPICAL TERM
- Topical term or geographic name as entry element: Terrorism
- General subdivision: Religious aspects
- General subdivision: Islam.
670 ## - SOURCE DATA FOUND
- Source citation: Work cat.: (ARRUPE)0: Spencer, Robert, 1962- 23978, The complete infidel's guide to ISIS /, 2015